Egyptian household animals /

محفوظ في:

المؤلف الرئيسي: Janssen, Rosalind (مؤلف)

مؤلفون آخرون: Janssen, Jac. J.

التنسيق: كتاب

اللغة: English

منشور في: [Aylesbury] : Shire Publications, 1989.

سلاسل: Shire Egyptology ; 12.
ShirEgypt ; 12.

الموضوعات:

الوسوم: إضافة وسم

لا توجد وسوم, كن أول من يضع وسما على هذه التسجيلة!

رقم الطلب: DT57 .S25 v.12

LEADER 00887namaa2200301 4500
001 13326
003 OSt
005 20260421154413.0
008 130303s1989 enka 000 0 eng d
020 |a 0747800006 
040 |c ARCE Library 
043 |a f-ua--- 
050 4 |a DT57 .S25 v.12 
100 1 |a Janssen, Rosalind,  |e author 
245 1 0 |a Egyptian household animals /  |c Rosalind and Jack Janssen. 
264 1 |a [Aylesbury] :  |b Shire Publications,  |c 1989. 
300 |a 68 pages :  |b illustrations ;  |c 21 cm. 
490 1 |a Shire Egyptology ;   |v 12. 
490 1 |a ShirEgypt ;   |v 12. 
650 0 |a Domestic animals  |z Egypt  |x History.  
651 0 |a Egypt  |x Social life and customs  |y To 332 B.C. 
651 0 |a Egypt  |x Antiquities. 
700 1 |a Janssen, Jac. J. 
830 0 |a Shire Egyptology ;   |v 12. 
830 0 |a ShirEgypt ;   |v 12. 
901 |a reviewed 
942 |c BK  |2 lcc 
999 |c 13228  |d 13228